Architectural science and the sun : (Record no. 7775)

000 -LEADER
fixed length control field 00785cam a2200205 i 4500
003 - CONTROL NUMBER IDENTIFIER
control field OSt
005 - DATE AND TIME OF LATEST TRANSACTION
control field 20200521105112.0
008 - FIXED-LENGTH DATA ELEMENTS--GENERAL INFORMATION
fixed length control field 170915s2018 nyuab 001 0 eng
010 ## - LIBRARY OF CONGRESS CONTROL NUMBER
LC control number 2017044154
020 ## - INTERNATIONAL STANDARD BOOK NUMBER
International Standard Book Number 9781138899216 (pbk. : alk. paper)
082 00 - DEWEY DECIMAL CLASSIFICATION NUMBER
Classification number 720DAS
Edition number 23
100 1# - MAIN ENTRY--PERSONAL NAME
Personal name Fajkus, Matt,
Relator term author.
245 10 - TITLE STATEMENT
Title Architectural science and the sun :
Remainder of title the poetics and pragmatics of solar design /
Statement of responsibility, etc Matt Fajkus and Dason Whitsett.
300 ## - PHYSICAL DESCRIPTION
Extent vii, 289 pages :
Other physical details illustrations, maps ;
Dimensions 29 cm
500 ## - GENERAL NOTE
General note Includes index.
650 #0 - SUBJECT ADDED ENTRY--TOPICAL TERM
Topical term or geographic name as entry element Architecture and solar radiation.
700 1# - ADDED ENTRY--PERSONAL NAME
Personal name Whitsett, Dason,
Relator term author.
776 08 - ADDITIONAL PHYSICAL FORM ENTRY
Display text Online version:
Main entry heading Fajkus, Matt, author.
Title Architectural science and the sun
Place, publisher, and date of publication New York : Routledge, 2018
International Standard Book Number 9781315708041
Record control number (DLC) 2017044516
942 ## - ADDED ENTRY ELEMENTS (KOHA)
Source of classification or shelving scheme
Holdings
Withdrawn status Lost status Source of classification or shelving scheme Damaged status Koha normalized classification for sorting Not for loan Permanent location Current location Date acquired Full call number Barcode Date last seen Price effective from Koha item type
        720FAJ   BMS College of Architecture, Design and Planning BMS College of Architecture, Design and Planning 2020-05-21 720FAJ AR-UG1448 2020-05-21 2020-05-21 UG Books
Copyright © 2025, The Librarian, Library and Information Centre, BMSCA D&P, Bengaluru. All Rights Reserved
web counter

Powered by Koha